| 000 | 00371nam a2200145 a 4500 | ||
|---|---|---|---|
| 001 | 2509 | ||
| 003 | CDMR | ||
| 005 | 20130319115709.0 | ||
| 008 | 130130s2007||||||||||||||||||||||||||||d | ||
| 040 |
_aCDMR _bcat _cCPC LLEIDA |
||
| 100 | 1 |
_aUceda, Oscar _91883 |
|
| 245 | 1 | 0 |
_aLleida 1707 _bLa ciutat massacrada _cUCEDA, Oscar |
| 260 |
_aLleida _c2007 _bLa Clamor |
||
| 942 |
_cMON _2udc |
||
| 999 |
_c2509 _d2509 |
||